000 00665nam a22001697a 4500
003 IT-RoPau
005 20220918181105.0
008 130515b xxu||||| |||| 00| 0 eng d
040 _cIT-RoPau
100 _aFiglie di San Paolo
_9545
245 _aStato personale Figlie di San Paolo 2007
250 _a1° ed.
260 _aRoma
_bCasa Generalizia FSP
_c2007
300 _a176 p.
_c21 cm
520 _aINDICE GENERALE Governo Generale; Situazione generale; Governi di Circoscrizione; Comunità-Superiore; Casa Generalizia e Case Dipendenti; Province; Delegazioni; Elenco professe perpetue; Elenco professe temporanee; Elenco professe defunte.
942 _2ddc
_cBK
999 _c98530
_d98530